00623nam a2200169Ia 4500008004000000082001300040100001900053245011900072260003800191300001300229440000600242650004000248690001300288906001100301999001700312952012400329210210b1985 xxu||||| |||| 00| 0 eng d a686 KESH aKESAVAN (B S). aHistory of printing and publishing in India. V1: South Indian origins of printing and its efflorescence in Bengal. aIndia.bNational Book Trustc1985 axxxi,461 a1 aHistory Printing Publishing India  aPrinting a040311 c90164d90164 001040738JournalismaALbALcJournalismd2021-02-17g56.00l0o686 KESHp040311r2021-02-17 00:00:00w2021-02-17yBK